Рудные формации и месторождения Сибири: сборник статей

Bibliographic Details
Other Authors: Тюлюпо Б. М. (редактор)
Language:Russian
Published: Томск, Изд-во Томского ун-та, 1979
Subjects:
Format: MixedMaterials Book
KOHA link:https://koha.lib.tpu.ru/cgi-bin/koha/opac-detail.pl?biblionumber=125061

MARC

LEADER 00000nam0a2200000 4500
001 125061
005 20231031131218.0
035 |a (RuTPU)RU\TPU\book\135336 
090 |a 125061 
100 |a 20071109d1979 k y0rusy50 ca 
101 0 |a rus 
102 |a RU 
105 |a a z 001zy 
200 1 |a Рудные формации и месторождения Сибири  |e сборник статей  |f под ред. Б. М. Тюлюпо 
210 |a Томск  |d 1979  |c Изд-во Томского ун-та 
215 |a 180 с.  |c ил. 
320 |a Библиогр. в конце ст. 
610 1 |a рудные месторождения 
610 1 |a геология 
610 1 |a Сибирь 
610 1 |a рудные формации 
610 1 |a минералогия 
610 1 |a образование 
675 |a 553.3/4  |v 3 
702 1 |a Тюлюпо  |b Б. М.  |4 340 
801 1 |a RU  |b 63413507  |c 20071109  |g PSBO 
801 2 |a RU  |b 63413507  |c 20090130  |g PSBO 
942 |c BK